Publicaciones periódicas, formas de sociabilidad y procesos culturales en Nicaragua, 1884 - 1926

Bibliographic Details
Main Author: Reyes Ponce, Agustín
Format: Section = Libro
Language:Undetermined
Spanish
Published: México Limusa 2008
Subjects:
LEADER 00584nam a2200193Ia 4500
008 240830s9999 xx 000 0 und d
020 |a 968-18-0073-4 
040 |a B-ESTELÍ- RUACS / 050.9 A976 
041 |a spa 
082 |a 050.9 A976 
100 1 |a Reyes Ponce, Agustín 
245 1 0 |a Publicaciones periódicas, formas de sociabilidad y procesos culturales en Nicaragua, 1884 - 1926 
260 |a México  |b Limusa  |c 2008 
300 |a 94 p. :il 
650 7 |a RECLUTAMIENTO Y SELECCION DE PERSONAL 
650 7 |b  ANÁLISIS OCUPACIONAL 
942 |c BK  |2 ddc 
991 |a TEXTO 
999 |c 10606